| 000 | 00599nam a22001937i 4500 | ||
|---|---|---|---|
| 001 | IT\ICCU\TO0\1875949 | ||
| 003 | ItRI | ||
| 005 | 20260115232056.0 | ||
| 008 | 130510s2013 it |||||| ||||| |||||c | ||
| 020 | _a9788831542807 | ||
| 040 |
_bita _cimportazione bologna sebina |
||
| 041 | 7 |
_aita _2ISO-639-2 |
|
| 100 | 1 |
_aVerdone, Luciano _0IT\ICCU\CFIV\012561 _4aut |
|
| 245 | 1 | 2 |
_aL'omosessualità giovanile / _cLuciano Verdone. |
| 260 |
_aMilano : _bFiglie di San Paolo, _c2013 |
||
| 300 |
_a34 p. : _bill. ; _c19 cm |
||
| 830 | 0 |
_aNote di psicologia ; _v69 _0IT\ICCU\BVE\0196297 |
|
| 942 |
_2ddc _cBK _n0 |
||
| 999 |
_c16691 _d16691 |
||